Il curricolo nascosto : decostruire a scuola stereotipi e pregiudizi eterosessisti /

I tiakina i:
Ngā taipitopito rārangi puna kōrero
Kaituhi rangatōpū: Cesp
Ētahi atu kaituhi: Greco, Daphne
Hōputu: Pukapuka
Reo:Itāriana
I whakaputaina: Bologna : Cesp, 2015
Ngā marau:
Ngā Tūtohu: Tāpirihia he Tūtohu
Kāore He Tūtohu, Me noho koe te mea tuatahi ki te tūtohu i tēnei pūkete!

MARC

LEADER 00000nam a22000007i 4500
001 IT\ICCU\MOD\1647008
003 ItRI
005 20260115232403.0
008 150529s2015 it |||||| ||||| |||||c
040 |b ita  |c importazione bologna sebina 
041 7 |a ita  |2 ISO-639-2 
082 |a 371.7  |9 ASSISTENZA AGLI STUDENTI  |2 21 
110 2 |a Cesp  |0 IT\ICCU\BVEV\085932 
245 0 3 |a Il curricolo nascosto :  |b decostruire a scuola stereotipi e pregiudizi eterosessisti /  |c Cesp - Centro studi per la scuola pubblica ; con la collaborazione di Cobas della Scuola, Arcigay, Associazione LGBT italiana, Circolo Il Cassero Bologna. 
260 |a Bologna :  |b Cesp,  |c 2015 
300 |a 54 p. :  |b ill. ;  |c 24 cm 
500 |a Testi di Daphne Greco ... [et al.]. 
650 7 |a Omosessualità 
700 1 |a Greco, Daphne  |0 IT\ICCU\MODV\658615 
791 2 |a Centro studi per la scuola pubblica  |3 IT\ICCU\BVEV\085933  |z Cesp 
942 |2 ddc  |c BK  |n 0 
952 |0 0  |1 0  |4 0  |6 DOC_371_700000000000000_CES  |7 0  |9 25240  |a BO  |b BO  |d 2026-01-15  |i 18136  |l 0  |o DOC 371.7 CES  |p BO18136  |r 2026-01-15 23:24:03  |w 2026-01-15  |x [Sebina 5] [1 v.]  |y BK  |z 1 v. 
952 |0 0  |1 0  |4 0  |6 DOC_371_700000000000000_CUR  |7 0  |9 25241  |a BO  |b BO  |d 2026-01-15  |i 20868  |l 0  |o DOC 371.7 CUR  |p BO20868  |r 2026-01-15 23:24:03  |w 2026-01-15  |x [Sebina 7] [1 v.]  |y BK  |z 1 v. 
999 |c 21447  |d 21447